Key Figures on the European Food Chain
Na minha lista:
| Autor Corporativo: | |
|---|---|
| Formato: | Livro |
| Idioma: | inglês |
| Publicado em: |
Luxembourg
Publications Office of the European Union
2024
|
| Edição: | 2024 Edition |
| Assuntos: | |
| Tags: |
Sem tags, seja o primeiro a adicionar uma tag!
|
MARC
| LEADER | 00000nam a2200000 4500 | ||
|---|---|---|---|
| 001 | 0313111 | ||
| 005 | 20251125104243.6 | ||
| 020 | |a 978-92-68-20466-5 | ||
| 020 | |a 978-92-68-20465-8 | ||
| 041 | 0 | |a eng | |
| 044 | |a LU | ||
| 245 | 1 | 0 | |a Key Figures on the European Food Chain |
| 250 | |a 2024 Edition | ||
| 264 | 1 | |a Luxembourg |b Publications Office of the European Union |c 2024 | |
| 300 | |a 76 s. | ||
| 610 | 2 | 0 | |a štatistika ekonomická |
| 610 | 2 | 0 | |a porovnanie štatistické medzinárodné |
| 610 | 2 | 0 | |a údaje štatistické medzinárodné |
| 610 | 2 | 0 | |a poľnohospodárstvo |
| 610 | 2 | 0 | |a politika poľnohospodárska |
| 610 | 2 | 0 | |a farmy |
| 610 | 2 | 0 | |a výrobky poľnohospodárske |
| 610 | 2 | 0 | |a rybolov |
| 610 | 2 | 0 | |a potraviny |
| 610 | 2 | 0 | |a obchod |
| 610 | 2 | 0 | |a doprava |
| 610 | 2 | 0 | |a spotreba potravín |
| 610 | 2 | 0 | |a reťazce dodávateľsko-odberateľské |
| 610 | 2 | 0 | |a Európa |
| 610 | 2 | 0 | |a Európska únia |
| 710 | 2 | |a Eurostat | |